TV Show by DVD Menu Quiz Stats

 Plays Quiz Updated Feb 10, 2016

Challenge
Share
Tweet
Score 0/24 Timer 08:00
5 Plays Today
% Correct
Family Guy
97.5%
Adventures of Superman
93.7%
Star Trek
93.1%
House, M.D.
92.1%
Breaking Bad
92.1%
24
89.8%
Everybody Loves Raymond
88.7%
Modern Family
82.8%
Seinfeld
79.4%
The King of Queens
73%
All in the Family
63.6%
Leave It To Beaver
63.1%
% Correct
Supernatural
54.1%
NYPD Blue
53.6%
Columbo
53.1%
The Mentalist
52.5%
Burn Notice
42.3%
Rules of Engagement
35.9%
Just Shoot Me
33.8%
Twin Peaks
32.5%
The Adventures Of Sherlock Holmes
31.2%
Alias
21.6%
CSI: Miami
21.6%
The Rockford Files
21.2%

You're not logged in!

Compare scores with friends on all Sporcle quizzes.
OR
Log In

You Might Also Like...

Show Comments

Extras

Top Quizzes Today


Score Distribution

Your Account Isn't Verified!

In order to create a playlist on Sporcle, you need to verify the email address you used during registration. Go to your Sporcle Settings to finish the process.

Report this User

Report this user for behavior that violates our Community Guidelines.

Details: